University Home | Library Home | Institutional Repository

The genus Aspergillus / (Record no. 141846)

MARC details
000 -LEADER
fixed length control field 00931cam3a220024100 4500
001 - CONTROL NUMBER
control field lce00576849
008 - FIXED-LENGTH DATA ELEMENTS--GENERAL INFORMATION
fixed length control field 850507s1965 mduac b 000 0 eng
010 ## - LIBRARY OF CONGRESS CONTROL NUMBER
LC control number 65021117 //r85
035 ## - SYSTEM CONTROL NUMBER
System control number (Sirsi) r54981
035 ## - SYSTEM CONTROL NUMBER
System control number (DLC) 65021117 //r85
035 ## - SYSTEM CONTROL NUMBER
System control number (UPRA)lce00576849
040 ## - CATALOGING SOURCE
Original cataloging agency DLC/ICU
Transcribing agency ICU
Modifying agency UPRA
050 0# - LIBRARY OF CONGRESS CALL NUMBER
Classification number QK623.A9
Item number R3
082 0# - DEWEY DECIMAL CLASSIFICATION NUMBER
Classification number 589.23
100 1# - MAIN ENTRY--PERSONAL NAME
Personal name Raper, Kenneth B. (Kenneth Bryan), 1908-
Fuller form of name Raper, Kenneth B. (Kenneth Bryan), 1908-
Dates associated with a name Raper, Kenneth B. (Kenneth Bryan), 1908-
Linkage A13822.1
245 14 - TITLE STATEMENT
Title The genus Aspergillus /
Statement of responsibility, etc. [by] Kenneth B. Raper [and] Dorothy I. Fennell ; with a chapter on pathogenicity [by] Peter K.C. Austwick.
260 ## - PUBLICATION, DISTRIBUTION, ETC.
Place of publication, distribution, etc. Baltimore :
Name of publisher, distributor, etc. Williams & Wilkins,
Date of publication, distribution, etc. 1965.
504 ## - BIBLIOGRAPHY, ETC. NOTE
Bibliography, etc. note Includes bibliographies.
650 #0 - SUBJECT ADDED ENTRY--TOPICAL TERM
Topical term or geographic name entry element Aspergillus.
Linkage S9442.1
700 1# - ADDED ENTRY--PERSONAL NAME
Personal name Fennell, Dorothy I.
Linkage A13823.1
949 ## - LOCAL PROCESSING INFORMATION (OCLC)
a QK623.A9
w lcc
i 33729000246129
m MAIN
p 2500
t BOOK
l ON-SHELF

No items available.

© 2026 - The University of Zambia Library - Koha v25.11